Представление документа в формате MARC21

Поле Инд. ПП Название Значение
Тип записи a
Библиографический уровень m
001 Контрольный номер a324080e-39ab-11db-b02a-008048b56a28
005 Дата корректировки 20140703145804.2
008 Кодируемые данные 060901
020 c Цена, тираж б/ц
040 a Служба первич. каталог. НБ ТвГУ
041 a Код языка текста rus
080 a Индекс УДК 81-115(043.3)
084 a Индекс другой классификации/Индекс ББК Ш100.212я031
090 a Полочн. индекс Ш100.2
x Авторский знак Ю91
100 1_ a Автор Юсупов Уткур Курбанович
245 10 a Заглавие Проблемы сопоставительной лингвистики
b Продолж. заглавия автореф. дис. ... д-ра филол. наук : 10.02.20
c Ответственность Акад. наук СССР, Ин-т языкознания
260 1_ a Место издания Москва
c Дата издания 1983
300 a Объем 37 с.
b Иллюстрации/ тип воспроизводства табл.
500 a Примечание На правах рукоп.
504 a Библиография Библиогр. в конце кн. и в подстроч. примеч.
583 a Действие Получение впервые 317 01.09.2006
650 a Основная рубрика Языкознание
x Основная подрубрика Сравнительно-исторический метод
650 a Основная рубрика Лингвистика сопоставительная
653 a Ключевые слова Авторефераты
a Ключевые слова Контрастивная лингвистика
a Ключевые слова Сопоставительная лингвистика
a Ключевые слова Сравнительное языкознание
a Ключевые слова Сравнительно-исторический метод
a Ключевые слова Языкознание
852 t Порядковый номер экземпляра 1
p Инвентарный номер б/н
888 a Бесплатные
930 a Новая/Ретро авторефераты
952 p 317.2006 б/ц 1 б/н
c Вид литературы А/Р н
954 a Дата поступления на обработку 20060912
999 a Подразделение 2 ч.з.